| 000 | 00535nam a2200181Ia 4500 | ||
|---|---|---|---|
| 999 |
_c14563 _d14563 |
||
| 003 | OSt | ||
| 005 | 20201116103617.0 | ||
| 008 | 190216s9999||||xx |||||||||||||| ||und|| | ||
| 020 | _a9788131767900 | ||
| 040 | _coclc | ||
| 082 |
_a421 _bCHA/S |
||
| 100 |
_aChatterjee, Prasun _96388 |
||
| 245 | 0 |
_aStep By Step Learning Language And Life Skills / _cPrasun Chatterjee |
|
| 260 |
_bPearson Education Asia, _c2011. _aNew delhi: |
||
| 300 | _a152p | ||
| 650 | _aEnglish | ||
| 942 |
_cBK _2ddc _h421 _iCHA/S _k421 _mCHA/S |
||